al-Baḥr al-Aḥmar wa-ẓahīruhu fī al-ʻusūr al-qadīmah : majmūʻat buḥūth nushirat fī al-dawrīyāt al-ʻArabīyah wa-al-Urūbbīyah /
محفوظ في:
المؤلف الرئيسي:
التنسيق: كتاب
اللغة:
Arabic
English
منشور في:
[al-Iskandarīyah :
Dār al-Maʻrifah al-Jāmiʻīyah],
1993.
الموضوعات:
الوسوم: إضافة وسم
لا توجد وسوم, كن أول من يضع وسما على هذه التسجيلة!
رقم الطلب: DT39 .S29 1993
| LEADER | 01663namaa2200313 4500 | ||
|---|---|---|---|
| 001 | 18837 | ||
| 003 | OSt | ||
| 005 | 20260316090126.0 | ||
| 008 | 130303s1993 ua ab b 001 0 ara d | ||
| 040 | |c ARCE Library | ||
| 041 | 0 | |a ara |a eng | |
| 043 | |a f-ua--- | ||
| 050 | 4 | |a DT39 .S29 1993 | |
| 100 | 1 | |6 880-01 |a Sayyid, ʻAbd al-Munʻim ʻAbd al-Ḥalīm, |e author | |
| 245 | 1 | 3 | |6 880-02 |a al-Baḥr al-Aḥmar wa-ẓahīruhu fī al-ʻusūr al-qadīmah : |b majmūʻat buḥūth nushirat fī al-dawrīyāt al-ʻArabīyah wa-al-Urūbbīyah / |c taʼlīf ʻAbd al-Munʻim ʻAbd al-Ḥalīm Sayyid. |
| 264 | 1 | |a [al-Iskandarīyah : |b Dār al-Maʻrifah al-Jāmiʻīyah], |c 1993. | |
| 300 | |a 210 pages : |b illustrations, maps ; |c 25 cm. | ||
| 500 | |a Title on added t.p. : The Red Sea and its hinterland in antiquity. | ||
| 504 | |a Includes bibliographical references and indexes. | ||
| 546 | |a Text in Arabic and English. | ||
| 555 | |a wafaa.lib. | ||
| 651 | 0 | |a Red Sea Region |x History. | |
| 651 | 0 | |a Red Sea Region |x Civilization. | |
| 740 | 0 | |a Red Sea and its hinterland in antiquity. | |
| 880 | 1 | |6 100-01/(3/r |a سيد، عبد المنعم عبد الحليم. | |
| 880 | 1 | 2 | |6 245-02/(3/r |a البحر الأحمر و ظهيره في العصور القديمة : |b مجموعة بحوث نشرت في الدوريات العربية و الأروبية |c تأليف عبد المنعم عبد الحليم سيد. |
| 901 | |a reviewed | ||
| 942 | |c BK |2 lcc | ||
| 999 | |c 20214 |d 20214 | ||
